[Event "Oberliga Ost-A 1112"]
[Site "Germany"]
[Date "2012.04.15"]
[Round "11.7"]
[White "Nerlich, Vincent"]
[Black "Pesztericz, Laszlo"]
[Result "1/2-1/2"]
[WhiteElo "1905"]
[BlackElo "2136"]
[PlyCount "35"]
[EventDate "2011.09.25"]
[EventType "team-tourn"]
[EventRounds "11"]
[EventCountry "GER"]
[SourceTitle "EXT 2013"]
[Source "ChessBase"]
[SourceDate "2012.11.22"]
[SourceVersion "1"]
[SourceVersionDate "2012.11.22"]
[SourceQuality "1"]
[WhiteTeam "Leipzig VfB"]
[BlackTeam "Magdeburg Rochade"]
[WhiteTeamCountry "GER"]
[BlackTeamCountry "GER"]

1. e4 e5 2. Nf3 Nc6 3. Bb5 a6 4. Ba4 Nf6 5. 0-0 Be7 6. Re1 b5 7. Bb3 0-0 8. c3 d6 9. h3 Na5 10. Bc2 c5 11. d3 Qc7 12. Nbd2 Nc6 13. Nf1 d5 14. Ng3 dxe4 15. dxe4 Be6 16. Nh2 c4 17. Bg5 Nd7 18. Bxe7 1/2-1/2

[Event "Leipzig VfB op 18th"]
[Site "Leipzig"]
[Date "2011.03.23"]
[Round "2"]
[White "Kuenne, Lutz Dieter"]
[Black "Nerlich, Vincent"]
[Result "0-1"]
[WhiteElo "1633"]
[BlackElo "1890"]
[PlyCount "154"]
[EventDate "2011.03.20"]
[EventType "swiss"]
[EventRounds "9"]
[EventCountry "GER"]
[SourceTitle "CBM 141 Extra"]
[Source "ChessBase"]
[SourceDate "2011.05.03"]
[SourceVersion "1"]
[SourceVersionDate "2011.05.03"]
[SourceQuality "1"]

1. e4 e5 2. Nf3 Nc6 3. Bb5 a6 4. Ba4 Nf6 5. 0-0 b5 6. Bb3 Be7 7. Re1 0-0 8. c3 d6 9. d4 Bg4 10. d5 Na5 11. Bc2 h6 12. Nbd2 Nh7 13. Nf1 Ng5 14. Bxg5 Bxg5 15. h3 Bd7 16. b3 Be7 17. Ne3 Qc8 18. Nf5 Bf6 19. Qd2 Kh7 20. Kh2 Nb7 21. b4 Qd8 22. g4 Bg5 23. Nxg5+ Qxg5 24. Qxg5 hxg5 25. Ng3 f6 26. Rh1 Rh8 27. Kg2 Kg6 28. Nf5 Kf7 29. Kg3 Bxf5 30. exf5 Rh4 31. a4 bxa4 32. Bxa4 Ra7 33. Bc6 Nd8 34. Bb5 g6 35. fxg6+ Kxg6 36. Bd3+ Kg7 37. Rxa6 Rxa6 38. Bxa6 f5 39. Rh2 f4+ 40. Kf3 Nf7 41. Be2 Kf6 42. Ke4 Nh6 43. f3 Ng8 44. Bf1 Ne7 45. Rd2 Rh8 46. Ra2 Rc8 47. b5 Ng6 48. c4 Ke7 49. Ra7 Kf6 50. Ra6 Nh4 51. c5 Ke7 52. cxd6+ cxd6 53. Rc6 Ra8 54. b6 Ra3 55. Bd3 Rb3 56. Rc7+ Kd8 57. Rc6 Kd7 58. Rc7+ Kd8 59. Rg7 Rxb6 60. Rxg5 Rb4+ 61. Bc4 Rxc4+ 62. Kd3 Rd4+ 63. Ke2 Rxd5 64. Rg7 Rc5 65. Rh7 Ng2 66. g5 Ke8 67. g6 Kf8 68. h4 Nxh4 69. Rxh4 Kg7 70. Rg4 Rc3 71. Rg1 Re3+ 72. Kf2 d5 73. Rd1 d4 74. Re1 Rxe1 75. Kxe1 Kxg6 76. Ke2 Kg5 77. Kd3 Kh4 0-1

[Event "Leipzig VfB op 16th"]
[Site "Leipzig"]
[Date "2009.04.05"]
[Round "9"]
[White "Schomann, Michael"]
[Black "Nerlich, Vincent"]
[Result "1/2-1/2"]
[WhiteElo "1787"]
[BlackElo "1928"]
[PlyCount "47"]
[EventDate "2009.03.31"]
[EventType "swiss"]
[EventRounds "9"]
[EventCountry "GER"]
[SourceTitle "EXT 2010"]
[Source "ChessBase"]
[SourceDate "2010.11.25"]
[SourceVersion "1"]
[SourceVersionDate "2010.11.25"]
[SourceQuality "1"]

1. d4 g6 2. c4 Bg7 3. e4 d6 4. Nc3 Nd7 5. Be3 Ngf6 6. h3 0-0 7. Nf3 c6 8. Qc2 Ne8 9. Be2 e5 10. Rd1 Qe7 11. 0-0 Nb6 12. dxe5 dxe5 13. c5 Nd7 14. b4 a5 15. a3 Nc7 16. Bc4 Nb8 17. Rd6 Ne6 18. Rfd1 axb4 19. axb4 Na6 20. Qb3 Nac7 21. Na4 h6 22. Nb6 Ra7 23. Qb2 Kh7 24. Nd7 1/2-1/2

[Event "Leipzig VfB op 16th"]
[Site "Leipzig"]
[Date "2009.04.01"]
[Round "2"]
[White "Nerlich, Vincent"]
[Black "Rohne, Lars"]
[Result "0-1"]
[WhiteElo "1928"]
[BlackElo "2133"]
[PlyCount "80"]
[EventDate "2009.03.31"]
[EventType "swiss"]
[EventRounds "9"]
[EventCountry "GER"]
[SourceTitle "EXT 2010"]
[Source "ChessBase"]
[SourceDate "2010.11.25"]
[SourceVersion "1"]
[SourceVersionDate "2010.11.25"]
[SourceQuality "1"]

1. e4 g6 2. d4 Bg7 3. Nf3 d6 4. Bc4 e6 5. Be3 a6 6. a4 b6 7. Nbd2 Ne7 8. c3 Bb7 9. Qc2 Nd7 10. Bd3 0-0 11. Rc1 c5 12. Nc4 d5 13. exd5 Nxd5 14. Bg5 Qc7 15. Qd2 b5 16. axb5 axb5 17. Nce5 Nxe5 18. dxe5 c4 19. Be4 Bxe5 20. Bh6 Rfd8 21. Bxd5 Bxd5 22. Qe3 Bxf3 23. Qxf3 Ra2 24. h4 Bg7 25. Bf4 e5 26. Be3 f5 27. Bg5 Rd3 28. Qe2 h6 29. h5 hxg5 30. Rd1 Qd6 31. 0-0 e4 32. hxg6 Qxg6 33. Ra1 Rxa1 34. Rxa1 g4 35. Ra8+ Kh7 36. g3 Qc6 37. Ra7 Qb6 38. Ra8 Rxg3+ 39. Kh2 Rh3+ 40. Kg1 Qh6 0-1

[Event "Leipzig VfB op 15th"]
[Site "Leipzig"]
[Date "2008.02.26"]
[Round "1"]
[White "Nerlich, Vincent"]
[Black "Ksieski, Zbigniew"]
[Result "0-1"]
[WhiteElo "1933"]
[BlackElo "2407"]
[PlyCount "56"]
[EventDate "2008.02.26"]
[EventType "swiss"]
[EventRounds "9"]
[EventCountry "GER"]
[SourceTitle "CBM 123 Extra"]
[Source "ChessBase"]
[SourceDate "2008.05.06"]
[SourceVersion "1"]
[SourceVersionDate "2008.05.06"]
[SourceQuality "1"]

1. e4 c5 2. b3 Nf6 3. e5 Nd5 4. Bb2 g6 5. e6 f6 6. Bb5 Nc6 7. exd7+ Bxd7 8. Nf3 Nc7 9. Be2 e5 10. d3 Bg7 11. h3 Nd5 12. 0-0 Nf4 13. Nh2 0-0 14. Nc3 Nd4 15. Bf3 Nxf3+ 16. Nxf3 Bc6 17. Bc1 f5 18. d4 cxd4 19. Bxf4 exf4 20. Ne2 Bxf3 21. gxf3 d3 22. Nxf4 Qg5+ 23. Ng2 Bxa1 24. Qxa1 dxc2 25. Qb2 Rac8 26. f4 Qf6 27. Qa3 Qd4 28. b4 Qc3 0-1

[Event "Leipzig VfB op 14th"]
[Site "Leipzig"]
[Date "2007.03.22"]
[Round "5"]
[White "Nerlich, Vincent"]
[Black "Richter, Steffen"]
[Result "1/2-1/2"]
[WhiteElo "1865"]
[BlackElo "2075"]
[PlyCount "59"]
[EventDate "2007.03.20"]
[EventType "swiss"]
[EventRounds "9"]
[EventCountry "GER"]
[SourceTitle "EXT 2008"]
[Source "ChessBase"]
[SourceDate "2007.11.25"]
[SourceVersion "1"]
[SourceVersionDate "2007.11.25"]
[SourceQuality "1"]

1. e4 c5 2. b3 e5 3. Bb2 d6 4. Bb5+ Bd7 5. Bxd7+ Qxd7 6. c4 Nf6 7. Nc3 Be7 8. Nge2 0-0 9. 0-0 Nc6 10. Ng3 Nd4 11. f4 a6 12. Nd5 Nxd5 13. exd5 b5 14. fxe5 dxe5 15. d3 f5 16. Bxd4 cxd4 17. Qe2 Bd6 18. Rae1 Rae8 19. Qh5 g6 20. Qh6 Rf7 21. Rf3 Bf8 22. Qg5 Be7 23. Qh6 Bf6 24. Ref1 Bg7 25. Qg5 Ref8 26. Qd2 Rc8 27. Qa5 Qb7 28. Qd2 Qe7 29. Qa5 Qb7 30. Qd2 1/2-1/2

[Event "Leipzig VfB op 14th"]
[Site "Leipzig"]
[Date "2007.03.21"]
[Round "2"]
[White "Werther, Jens"]
[Black "Nerlich, Vincent"]
[Result "0-1"]
[WhiteElo "1392"]
[BlackElo "1865"]
[PlyCount "82"]
[EventDate "2007.03.20"]
[EventType "swiss"]
[EventRounds "9"]
[EventCountry "GER"]
[SourceTitle "EXT 2008"]
[Source "ChessBase"]
[SourceDate "2007.11.25"]
[SourceVersion "1"]
[SourceVersionDate "2007.11.25"]
[SourceQuality "1"]

1. d4 g6 2. e4 Bg7 3. f4 d6 4. Be3 Nf6 5. Bd3 c5 6. Bb5+ Nbd7 7. Nc3 Qa5 8. Qd3 a6 9. Bxd7+ Bxd7 10. Bd2 Qb6 11. Nf3 cxd4 12. Nxd4 Nxe4 13. Nd5 Qxd4 14. Qxd4 Bxd4 15. Nc7+ Kd8 16. Nxa8 Bb5 17. Ba5+ Kd7 18. Nb6+ Kc6 19. c4 Bf2+ 20. Ke2 Bxb6 21. cxb5+ Kxb5 22. Bxb6 Kxb6 23. Rac1 Nc5 24. Rhd1 Rg8 25. Rc4 Ka7 26. b4 Ne6 27. Kf3 b5 28. Rc3 Kb7 29. g4 Rc8 30. Rdc1 Nd4+ 31. Ke3 Rxc3+ 32. Rxc3 Nc6 33. Ke4 Nxb4 34. a3 Nc6 35. Kd5 Na5 36. f5 Nc4 37. h4 Kc7 38. a4 Kd7 39. axb5 axb5 40. Rb3 e6+ 41. Ke4 Nd2+ 0-1

[Event "Leipzig VfB op 13th"]
[Site "Leipzig"]
[Date "2006.03.19"]
[Round "9"]
[White "Nerlich, Vincent"]
[Black "Randt, Karl Heinz"]
[Result "0-1"]
[WhiteElo "1743"]
[BlackElo "1990"]
[PlyCount "102"]
[EventDate "2006.03.14"]
[EventType "swiss"]
[EventRounds "9"]
[EventCountry "GER"]
[SourceTitle "EXT 2008"]
[Source "ChessBase"]
[SourceDate "2007.11.25"]
[SourceVersion "1"]
[SourceVersionDate "2007.11.25"]
[SourceQuality "1"]

1. e4 c5 2. b3 d6 3. Bb2 a6 4. c4 e6 5. Nf3 Nf6 6. Nc3 Be7 7. d4 cxd4 8. Nxd4 0-0 9. Nf3 Nc6 10. Bd3 Nb4 11. 0-0 Nxd3 12. Qxd3 Qc7 13. Rfe1 Rd8 14. Qe2 b6 15. Rad1 Bb7 16. Ba3 Rd7 17. e5 Ne8 18. exd6 Bxd6 19. Bxd6 Rxd6 20. Rxd6 Qxd6 21. Rd1 Qc7 22. Qd3 h6 23. Ne1 Nf6 24. Qd6 Rc8 25. Nc2 Ne8 26. Qxc7 Rxc7 27. Ne3 Kf8 28. f3 Ke7 29. Kf2 f5 30. Re1 Kf6 31. h4 Rd7 32. g4 Rd3 33. Na4 f4 34. g5+ hxg5 35. hxg5+ Kxg5 36. Rg1+ Kf6 37. Ng4+ Kf5 38. Nxb6 Rxf3+ 39. Ke2 Rh3 40. Nf2 Rh2 41. Nd7 g5 42. Nc5 Nd6 43. Nxb7 Nxb7 44. Kf1 e5 45. b4 e4 46. Nxe4 Kxe4 47. Rxg5 Rxa2 48. Rg7 Nd6 49. c5 Nf5 50. Ra7 f3 51. b5 f2 0-1

[Event "Leipzig VfB op 13th"]
[Site "Leipzig"]
[Date "2006.03.18"]
[Round "8"]
[White "Didt, Hartmut"]
[Black "Nerlich, Vincent"]
[Result "1/2-1/2"]
[WhiteElo "1977"]
[BlackElo "1743"]
[PlyCount "86"]
[EventDate "2006.03.14"]
[EventType "swiss"]
[EventRounds "9"]
[EventCountry "GER"]
[SourceTitle "EXT 2008"]
[Source "ChessBase"]
[SourceDate "2007.11.25"]
[SourceVersion "1"]
[SourceVersionDate "2007.11.25"]
[SourceQuality "1"]

1. e4 e5 2. Nf3 Nc6 3. c3 Nf6 4. d4 exd4 5. e5 Qe7 6. cxd4 d6 7. Bb5 Bd7 8. 0-0 dxe5 9. Bxc6 Bxc6 10. Nxe5 Bd5 11. Re1 Be6 12. Bg5 Qb4 13. Nc3 0-0-0 14. Ne2 Qxb2 15. Qd3 Qa3 16. Qc2 Bd6 17. Rec1 h6 18. Bf4 Qa5 19. Bd2 Qd5 20. f3 Nd7 21. Bf4 Nxe5 22. dxe5 Bxe5 23. Rd1 Qc4 24. Qxc4 Rxd1+ 25. Rxd1 Bxc4 26. Bxe5 Bxe2 27. Re1 Bc4 28. Bxg7 Rh7 29. Bd4 Bxa2 30. Ra1 Bd5 31. Rxa7 Kd7 32. Ra5 Ke6 33. Kf2 f5 34. Rb5 Rd7 35. Ba1 Bc6 36. Re5+ Kf6 37. Rd5+ Kg6 38. Re5 Bd5 39. h4 h5 40. Kg3 c6 41. Kf4 Rf7 42. Re8 Rd7 43. Re5 Rf7 1/2-1/2

[Event "Leipzig VfB op 13th"]
[Site "Leipzig"]
[Date "2006.03.18"]
[Round "7"]
[White "Nerlich, Vincent"]
[Black "Wang, Zhangxian"]
[Result "1/2-1/2"]
[WhiteElo "1743"]
[BlackElo "1998"]
[PlyCount "45"]
[EventDate "2006.03.14"]
[EventType "swiss"]
[EventRounds "9"]
[EventCountry "GER"]
[SourceTitle "EXT 2008"]
[Source "ChessBase"]
[SourceDate "2007.11.25"]
[SourceVersion "1"]
[SourceVersionDate "2007.11.25"]
[SourceQuality "1"]

1. e4 c6 2. d4 d5 3. exd5 cxd5 4. Nf3 g6 5. Bf4 Nf6 6. c3 Bg7 7. Bd3 0-0 8. Qc2 Nc6 9. Nbd2 a6 10. Ne5 Nh5 11. Nxc6 bxc6 12. Be3 Qc7 13. 0-0 Nf4 14. Bxf4 Qxf4 15. Nb3 Qd6 16. f4 a5 17. Rae1 Re8 18. Re3 Bh6 19. Re5 Bg7 20. Qf2 Rf8 21. Re3 Qf6 22. Nc5 Ra7 23. Re5 1/2-1/2

[Event "Leipzig VfB op 13th"]
[Site "Leipzig"]
[Date "2006.03.14"]
[Round "1"]
[White "Kuersten, Ruediger"]
[Black "Nerlich, Vincent"]
[Result "1-0"]
[WhiteElo "2134"]
[BlackElo "1743"]
[PlyCount "81"]
[EventDate "2006.03.14"]
[EventType "swiss"]
[EventRounds "9"]
[EventCountry "GER"]
[SourceTitle "EXT 2008"]
[Source "ChessBase"]
[SourceDate "2007.11.25"]
[SourceVersion "1"]
[SourceVersionDate "2007.11.25"]
[SourceQuality "1"]

1. Nf3 d5 2. g3 Nf6 3. Bg2 Bg4 4. 0-0 e6 5. d4 Bxf3 6. Bxf3 Be7 7. c4 0-0 8. Nc3 c6 9. Qc2 dxc4 10. Rd1 Nbd7 11. Ne4 Nxe4 12. Bxe4 Nf6 13. Bf3 Qb6 14. Qxc4 h6 15. e4 Rfd8 16. Be3 Qb4 17. Qc2 Rac8 18. a3 Qb6 19. Rac1 Nh7 20. d5 Qc7 21. dxe6 fxe6 22. Qb3 Kf7 23. Bxa7 Ng5 24. Bg2 b5 25. Be3 Rxd1+ 26. Qxd1 Rd8 27. Qc2 c5 28. h4 Nh7 29. Bxc5 Rc8 30. b4 Nf6 31. Qe2 Qe5 32. Qxb5 Qb2 33. Qc4 Bxc5 34. bxc5 Ng4 35. Rc2 Qxa3 36. Bh3 h5 37. Rc3 Qa1+ 38. Kg2 Qe1 39. Rf3+ Ke7 40. c6 Qd1 41. Qc5+ 1-0